00636 a2200181 4500010001400000020002300014035001300037037001500050082001400065245012100079260004300200260005300243270004700296300003100343500004100374700002100415700001800436 aENG-89540 a8187358106c575.00 aEN-73073 bDBAD / PUB14a362.509541 aReforming India's social sector:cedited by K. Seeta Prabhu and R. Sudarshanbpoverty, nutrition, health and gender/ aNew DelhibSocial Science Pressc2003 aNew DelhibD.K. Publishers (Distributors)c2003 a69, Jor baghb New Delhie110003cDelhi : axvi, 316, ivp.c22cm (Pbk) aIncludes bibliographical references1 aSeeta Prabhu, K.1 aSudarshan, R.